000 01497nam0a22003011 4500
001 rc\4950785
005 20260407014950.0
021 _aRU
_b[60-6417]
035 _a(NLR Aleph) 008952818
090 _a9014327
_c9014327
100 _a20130426d1959 |||y0rusy50 ca
101 0 _arus
102 _aRU
105 _aa z |||||
200 1 _aЗащита от коррозии железобетонных вентиляционных и дымовых труб, работающих в условиях агрессивных газов
_fМ-во строительства РСФСР. Техн. упр. Науч.-исслед. ин-т по строительству
210 _aМосква
_cЦБТИ
_d1959
215 _a40 с.
_cил.
_d20
300 _aСост. указаны на обороте тит. л.: канд. техн. наук Б.Д. Тринкер и инж. В.П. Плутенко
606 _aВентиляционные трубопроводы, железобетонные
_xЗащита от коррозии
_2psbo
606 _aДымовые трубы, железобетонные
_xЗащита от коррозии
_2psbo
700 1 _aТринкер
_bБ.Д.
_gБорис Давидович
_4220
701 1 _aПлутенко
_bВ.П.
_4220
712 0 2 _aНИИ по строительству
_cМосква
_3RU\NLR\AUTH\8810003421
_9504122
801 0 _aRU
_bNLR
_gpsbo
801 1 _aRU
_bELAR
_2rusmarc
852 _aNLR
_j60-4/886
942 _cBOOK
980 _aNB